đŸŽ¶ Paroles "Hymne europĂ©en" version 2011 paroles de Jacques Serres - Statistiques

Statistiques générales
  • Ce quiz a Ă©tĂ© pris 8 fois
  • Le rĂ©sultat moyen est 40 sur 118
Statistiques - réponses
Mots % Correct
Oh!
83%
(X2)
83%
En
67%
De
50%
de
50%
enfants
50%
enfin
50%
joie
50%
l'
50%
la
50%
La
50%
le
50%
N'
50%
s'
50%
Ce
33%
chant
33%
Chantons
33%
dans
33%
dire
33%
du
33%
élÚve
33%
ensemble
33%
et
33%
Et
33%
Europe
33%
fraternité
33%
frontiĂšres
33%
guerre
33%
ils
33%
jamais
33%
langues
33%
Les
33%
les
33%
leurs
33%
liberté
33%
monde
33%
ne
33%
nos
33%
Nos
33%
notre
33%
nous
33%
Nous
33%
paix
33%
passé
33%
peuples
33%
Plus
33%
plus
33%
pour
33%
Pour
33%
Quand
33%
que
33%
Quelle
33%
Sans
33%
tant
33%
toi
33%
toutes
33%
unifiée,
33%
anciennes
17%
antiquité
17%
attendu
17%
"Bienvenue"
17%
cessent
17%
chanterons
17%
construire
17%
Démocratie
17%
destinées,
17%
enchante
17%
entravent
17%
épris
17%
filles
17%
fils
17%
haine
17%
haute
17%
Histoire
17%
humanité
17%
idées
17%
massacres
17%
nouvelle
17%
pourront
17%
progressent
17%
rappelle
17%
rĂȘve
17%
sang
17%
sauront
17%
sereines
17%
seront
17%
tourmente
17%
Vivaient
17%
Aucun quiz correspondant
Distribution des résultats
% des personnes avec chaque résultat
Percentile par nombre de réponses
Votre historique - résultats
Vous n’avez pas pris ce quiz